Cyclisme : Effectif 2024 de la Tudor Pro Cycling Team - Statistiques

Statistiques générales
  • Ce quiz a été pris 12 fois
  • Le résultat moyen est 10 sur 28
Statistiques - réponses
Pays Reprensenté Coureur % Correct
Italie Matteo Trentin
91%
Allemagne Marco Brenner
73%
Australie Michael Storer
73%
Italie Alberto Dainese
64%
Luxembourg Arthur Kluckers
55%
Pays-Bas Arvid De Kleijn
55%
Pays-Bas Maikel Zijlaard
55%
Suisse Robin Froidevaux
55%
France Aloïs Charrin
45%
Suede Jacob Eriksson
45%
Suede Lucas Eriksson
45%
Pays-Bas Rick Pluimers
45%
Suisse Yannis Voisard
45%
Luxembourg Luc Wirtgen
36%
Allemagne Marius Mayrhofer
36%
Danemark Alexander Kamp
27%
Allemagne Hannes Wilksch
27%
République Tchèque Petr Kelemen
27%
Suisse Tom Bohli
27%
Suisse Roland Thalmann
18%
Danemark Sebastian Kolze Changizi
18%
Suisse Sébastien Reichenbach
18%
Suisse Simon Pellaud
18%
Allemagne Alexander Krieg
9%
Allemagne Florian Stork
9%
Suisse Joel Suter
9%
Allemagne Mika Heming
9%
Suisse Nils Brun
9%
Aucun quiz correspondant
Distribution des résultats
% des personnes avec chaque résultat
Percentile par nombre de réponses
Votre historique - résultats
Vous n’avez pas pris ce quiz